000
00339 a2200157 4500
001
177031
020
_a
040
_c
Magnum
100
_a
Machado, Angelo
240
1
0
_a
A barba do velho barba
_l
por
245
1
0
_a
A barba do velho barba
362
0
_a
1899
440
1
_a
LĂȘ
697
_a
MAGNITO: IJ/SOCIEDADE COTIDIAN
942
_c
BK
999
_c
177031
_d
177031